000 00863nam a22003017a 4500
001 0026162
003 KOHA_MİRAKIL
005 20260207002520.0
007 ta
008 101112b tu |||gr||||#||||0|tur |
020 _a9789944772136
_c10,01
040 _aTR-BiSEU
_btur
_cTR-BiSEU
_erda
041 0 _atur
044 _ctu
050 _aHF5547
_b.A98 2007
100 0 _aAytürk,Nihat.
245 1 _aBüro Yönetimi ve Yönetici Sekreterliği /
_cAytürk,Nihat ; Nihat Aytürk.
264 1 _aAnkara :
_bNobel
300 _a362 s.
336 _ametin
_btxt
_2rdacontent
337 _aaracısız
_bn
_2rdamedia
338 _acilt
_bnc
_2rdacarrier
490 1 _aİktisadi ve idari Bilimler;197
650 0 _aBüro yönetimi.
_92456
650 0 _aOffice management.
_92457
830 1 _aİktisadi ve idari Bilimler;197
_952137
942 _2lcc
_cBK
999 _c26108
_d26108